[Event "Sonora op 2nd"]
[Site "Sonora"]
[Date "2024.06.16"]
[Round "6"]
[White "Do Prado, Pedro Ernesto Braun"]
[Black "Sarmento, Igor Silva"]
[Result "1-0"]
[WhiteElo "1819"]
[BlackElo "1800"]
[PlyCount "39"]
[EventDate "2024.06.13"]
[EventType "swiss"]
[EventRounds "6"]
[EventCountry "BRA"]
[SourceTitle "CB26_2024"]
[SourceDate "2024.06.26"]
[SourceVersion "1"]
[SourceVersionDate "2024.06.26"]
[SourceQuality "1"]

1. e4 e5 2. Nf3 Nc6 3. d4 Nxd4 4. Nxe5 Bc5 5. c3 Nc6 6. Nxf7 Kxf7 7. Qd5+ Ke8 8. Qxc5 Qe7 9. Qh5+ Kf8 10. Bd3 Nf6 11. Qf3 Ne5 12. Qe2 d5 13. Bg5 Qd6 14. Bxf6 Qxf6 15. exd5 Nxd3+ 16. Qxd3 Qe5+ 17. Qe3 Qxd5 18. 0-0 Kf7 19. Re1 Qg5 20. Qxg5 1-0

[Event "Sonora op 2nd"]
[Site "Sonora"]
[Date "2024.06.15"]
[Round "5"]
[White "Sarmento, Igor Silva"]
[Black "Areco Alvarenga, Eric Adriel"]
[Result "0-1"]
[WhiteElo "1800"]
[BlackElo "1712"]
[PlyCount "66"]
[EventDate "2024.06.13"]
[EventType "swiss"]
[EventRounds "6"]
[EventCountry "BRA"]
[SourceTitle "CB26_2024"]
[SourceDate "2024.06.26"]
[SourceVersion "1"]
[SourceVersionDate "2024.06.26"]
[SourceQuality "1"]

1. e4 e5 2. Nf3 Nc6 3. Bc4 Bc5 4. Nc3 Nf6 5. d3 d6 6. h3 Be6 7. Bxe6 fxe6 8. Be3 Bb6 9. Bxb6 axb6 10. d4 exd4 11. Nxd4 Nxd4 12. Qxd4 e5 13. Qc4 Qd7 14. Qb5 Qxb5 15. Nxb5 0-0-0 16. 0-0 Nxe4 17. Rfe1 Nf6 18. c4 e4 19. Nc3 Rhe8 20. f3 exf3 21. Rxe8 Rxe8 22. gxf3 Re3 23. Kf2 Rd3 24. Ke2 Rd4 25. b3 Rh4 26. Rg1 Nh5 27. Rh1 Ng3+ 28. Kf2 Nxh1+ 29. Kg2 Rd4 30. Kxh1 Rd3 31. Nd5 Rxf3 32. Kg2 Rd3 33. a4 Rxb3 0-1

[Event "Sonora op 2nd"]
[Site "Sonora"]
[Date "2024.06.13"]
[Round "1"]
[White "Lima, Hamilton Da Silva"]
[Black "Sarmento, Igor Silva"]
[Result "1-0"]
[WhiteElo "1872"]
[BlackElo "1800"]
[PlyCount "47"]
[EventDate "2024.06.13"]
[EventType "swiss"]
[EventRounds "6"]
[EventCountry "BRA"]
[SourceTitle "CB26_2024"]
[SourceDate "2024.06.26"]
[SourceVersion "1"]
[SourceVersionDate "2024.06.26"]
[SourceQuality "1"]

1. e4 e5 2. Nf3 Nc6 3. Bc4 Nf6 4. d3 Bb4+ 5. c3 Bc5 6. d4 exd4 7. e5 Ng4 8. cxd4 Bb4+ 9. Nc3 Bxc3+ 10. bxc3 0-0 11. h3 Na5 12. Bd3 Nh6 13. Bg5 Qe8 14. 0-0 d6 15. Bxh6 gxh6 16. Re1 b6 17. exd6 Qc6 18. Be4 Qxd6 19. Bxa8 Bf5 20. Be4 Qg6 21. Nh4 Qg5 22. Nxf5 Re8 23. Bc2 Rxe1+ 24. Qxe1 1-0